| 000 | 00715nam a2200265Ia 4500 | ||
|---|---|---|---|
| 008 | 160303s9999 xx 000 0 und d | ||
| 020 | _a971-23-4378-2 | ||
| 050 | _aFIL BJ 1012 | ||
| 050 | _b.A46 2005 c.1 | ||
| 100 | _aAlmeida, Adelaida B. | ||
| 245 | _aSocial philosophy 2 : | ||
| 245 | _bincluding general and professional ethics for teachers / | ||
| 245 | _cAdelaida B. Almeida. | ||
| 260 | _aManila: | ||
| 260 | _bRex Book Store, Inc., | ||
| 260 | _c2005 | ||
| 300 | _a101 pages : | ||
| 300 | _billustrations ; | ||
| 300 | _c22 cm. | ||
| 500 | _aIncludes index. | ||
| 650 | _aEthics -- | ||
| 650 | _aTeachers -- | ||
| 650 | _xPhilosopy. | ||
| 650 | _xProfessional ethics -- Philippines. | ||
| 999 |
_c291225 _d291225 |
||